000 00337nam a22001457a 4500
003 SGT
020 _a939348005-2
082 _a615.19
_bDAN
100 _aDANDAGVHAL, KAMESH R.
245 _aPHARMACEUTICAL ORGANIC CHEMISTRY -II
260 _aINDIA
_bBIRLA PUB.
_c2025
300 _a244
650 _aPHARMACEUTICAL
942 _2ddc
_cBK
999 _c33009
_d33009